Catalogue de la Bibliothèque de l'ENSA

Larousse agricole (notice nᵒ 20006)

détails MARC
000 -LEADER
fixed length control field 00578nam a2200181Ia 4500
005 - DATE AND TIME OF LATEST TRANSACTION
control field 20180906093419.0
020 ## - ISBN
ISBN 2-03-591062-5
037 ## - SOURCE D'ACQUISITION
Cote BC_1400 65/A-B
040 ## - SOURCE DU CATALOGAGE
Origine cataloguage BC-ENSA
Langue du catalogage fre
041 ## - CODE DE LANGUE
Langue Français
Langue du résumé Français
100 ## - VEDETTE PRINCIPALE - AUTEUR PRINCIPAL
Auteur MAZOYER, Marcel
245 ## - MENTION DU TITRE
Titre Larousse agricole
Complément de titre le monde agricole au XXIe siècle
260 ## - PUBLICATION, DIFFUSION, ETC. (ADRESSE BIBLIOGRAPHIQUE)
Lieu d'édition Paris
Nom de l'éditeur Larousse
Année d'édition 2002
300 ## - DESCRIPTION MATÉRIELLE
Illustration ill. en coul.
Nombre de pages 767 p.
Format 29 cm
562 ## - NOTE D'IDENTIFICATION DES EXEMPLAIRES ET VERSIONS
Numbre d' exemplaire 2 exemplaire(s)
942 ## - ADDED ENTRY ELEMENTS (KOHA)
Type document Ouvrage
653 ## - DESCRIPTEUR LIBRE
Mots clés libres AGRICULTURE/PRODUCTION VEGETALE/PRODUCTION ANIMALE/ENVIRONNEMENT/MATERIEL AGRICOLE/SECTEUR AGROINDUSTRIEL
Exemplaires
statut de retrait Statut emplacement permanent Localisation actuelle Cote code à barre Koha type d'élément
    Bibliothèque Centrale Bibliothèque Centrale BC_1400 65/A BC_1400 65/A Ouvrage
    Bibliothèque Centrale Bibliothèque Centrale BC_1400 65/B BC_1400 65/B Ouvrage

Adresse: Ecole Nationale Supérieure Agronomique Hassen Badi - El Harrach Alger, Algérie

Tél +213 (0) 23 82 85 07+213 (0) 23 82 85 12 Fax +213 23 82 85 03/04 Courriel: bibliotheque@edu.ensa.dz